Normal view
MARC view
- Lowe, Jonquil
Entry Personal Name
001 - CONTROL NUMBER
- control field: 36743
003 - CONTROL NUMBER IDENTIFIER
- control field: OSt
005 - DATE AND TIME OF LATEST TRANSACTION
- control field: 20141202110949.0
008 - FIXED-LENGTH DATA ELEMENTS
- fixed length control field: 141202|| aca||aabn | a|a d
040 ## - CATALOGING SOURCE
- Original cataloging agency: OSt
100 1# - HEADING--PERSONAL NAME
- Personal name: Lowe, Jonquil